Normal view
MARC view
Entry Nombre de reunión
001 - NÚMERO DE CONTROL
- campo de control: 67087
003 - IDENTIFICADOR DE NÚMERO DE CONTROL
- campo de control: mxcmmo
005 - FECHA Y HORA DE LA ÚLTIMA TRANSACCIÓN
- campo de control: 20241018012829.0
008 - ELEMENTOS DE DATO DE LONGITUD-FIJA
- campo de control de longitud fija: 241018|| aca||aabn | a|a d
040 ## - FUENTE DE CATALOGACIÓN
- Centro catalogador/agencia de origen: mxcmmo
- Centro/agencia transcriptor: mxcmmo
111 ## - ENCABEZAMIENTO--NOMBRE DE CONGRESO/REUNIÓN
- Nombre de congreso/reunión o jurisdicción como elemento de entrada: Certamen Teológico
- Fecha del congreso o de la firma del tratado: (1798 :
- Sede del congreso/Lugar de la reunión: Puebla de los Angeles
670 ## - FUENTE DE DATOS ENCONTRADOS
- Cita de la fuente: Work cat.: (mxcmmo)36039: Certamen Teológico (1798 : Puebla de los Angeles, Certamen teológico en que ... se defendera publicamente la Suma teológica del sol de las escuelas en los Reales y Pontificios Colegios de San Pedro y San Juan ... por el colegial B. D. Joseph María de la Llave y Bringas, y ... por el colegial B. D. Joseph Mariano Moreno, siendo presidente el Br. D. Joseph Antonio Ximénes de las Cuevas